| 000 | 01104nam a2200217 i 4500 | ||
|---|---|---|---|
| 001 | 154639 | ||
| 003 | ES-MaACL | ||
| 005 | 20230906205814.0 | ||
| 008 | 940202m18411846sp |||| | spa d | ||
| 100 | 1 |
_aMorón, Fermín Gonzalo. _983636 |
|
| 245 | 1 | 0 |
_aCurso de historia de la civilización de España _b: lecciones pronunciadas en el Liceo de Valencia y en el Ateneo de Madrid en los cursos de 1840 y 1841 / _cpor Fermín Gonzalo Morón. |
| 260 |
_aMadrid : _b[s.n.], _c1841-1846 ( _fEstab. Tip. calle del Sordo, n. 11) |
||
| 300 |
_a6 v. ; _c18 cm. |
||
| 530 | _aDisponible en formato digital. | ||
| 594 | _aA partir del t. V el tít.: Historia de la civilización de España. | ||
| 596 | _aVariación en las imprentas: t. III: Imp. de Alegria y Charlain, t. IV: Imp. de Marcos Bueno, t. V-VI: Imp. de Francisco Díaz. | ||
| 610 | 2 | 4 |
_aAteneo de Madrid- _vConferencias- _yS.XIX. _91910 |
| 651 | 4 |
_aEspaña- _xCivilización. _98163 |
|
| 852 |
_aES-MaACL _jF-12200-05 _z- Enc. hol. |
||
| 856 |
_uhttp://bvpb.mcu.es/es/consulta/registro.do?id=487998 _zBiblioteca Virtual del Patrimonio Bibliográfico |
||
| 999 |
_c154639 _d154639 |
||